<?xml version="1.0" encoding="UTF-8"?>
<record
    xmlns:xsi="http://www.w3.org/2001/XMLSchema-instance"
    xsi:schemaLocation="http://www.loc.gov/MARC21/slim http://www.loc.gov/standards/marcxml/schema/MARC21slim.xsd"
    xmlns="http://www.loc.gov/MARC21/slim">

  <leader>01527nam a22002057a 4500</leader>
  <datafield tag="999" ind1=" " ind2=" ">
    <subfield code="c">8547</subfield>
    <subfield code="d">8547</subfield>
  </datafield>
  <controlfield tag="003">GBCCL</controlfield>
  <controlfield tag="005">20241126110653.0</controlfield>
  <controlfield tag="008">210405b           ||||| |||| 00| 0 eng d</controlfield>
  <datafield tag="020" ind1=" " ind2=" ">
    <subfield code="a">0814659330 </subfield>
  </datafield>
  <datafield tag="020" ind1=" " ind2=" ">
    <subfield code="a">9780814659335</subfield>
  </datafield>
  <datafield tag="040" ind1=" " ind2=" ">
    <subfield code="c">GBC</subfield>
  </datafield>
  <datafield tag="082" ind1=" " ind2=" ">
    <subfield code="a">232.94</subfield>
    <subfield code="b">MUR</subfield>
  </datafield>
  <datafield tag="100" ind1=" " ind2=" ">
    <subfield code="a">Murphy, Catherine M. </subfield>
    <subfield code="d">1961-</subfield>
    <subfield code="9">15052</subfield>
  </datafield>
  <datafield tag="245" ind1=" " ind2=" ">
    <subfield code="a">John the Baptist : </subfield>
    <subfield code="b">prophet of purity for a new age</subfield>
  </datafield>
  <datafield tag="260" ind1=" " ind2=" ">
    <subfield code="a">Collegeville, Minn. : </subfield>
    <subfield code="b">Liturgical Press, </subfield>
    <subfield code="c">&#xA9;2003</subfield>
  </datafield>
  <datafield tag="300" ind1=" " ind2=" ">
    <subfield code="a">xviii, 185 pages</subfield>
    <subfield code="c">23cm.</subfield>
  </datafield>
  <datafield tag="505" ind1=" " ind2=" ">
    <subfield code="a">Will the Real Baptist Please Stand Up? --
Reading the Evidence: The Sources for John the Baptist --
The "Game Rules" for Reconstructing History from Ancient Witnesses --
Redaction Criticism: How and Why Authors Shape Their Stories --
The Synoptic Problem in the Account of the Baptism of Jesus --
A Solution to the Synoptic Problem: The Two-Source Hypothesis --
Redaction Criticism --
Baptist Vignettes in the Gospels: A Redaction-Critical Approach --
Fifteen Vignettes --
Some Redaction-Critical Results --
The Historical Baptist --
Another Angle on the Baptist Movement: Social-Scientific Criticism --
Definition, Scope, and Methods --
An Initial Exercise: A Map for Designing a Social-Scientific Inquiry --
An Inductive Exercise: From Text to Hypothesis --
Purification Movements in First-Century C.E. Judea --
A Deductive Exercise: From Model (Purity and Pollution) to Text --
An Inductive Exercise: First-Century Jewish Purification Movements.</subfield>
  </datafield>
  <datafield tag="650" ind1=" " ind2=" ">
    <subfield code="a">John, </subfield>
    <subfield code="v">the Baptist, Saint.</subfield>
    <subfield code="9">15053</subfield>
  </datafield>
  <datafield tag="942" ind1=" " ind2=" ">
    <subfield code="2">ddc</subfield>
    <subfield code="c">BK</subfield>
  </datafield>
  <datafield tag="952" ind1=" " ind2=" ">
    <subfield code="0">0</subfield>
    <subfield code="1">0</subfield>
    <subfield code="2">ddc</subfield>
    <subfield code="4">0</subfield>
    <subfield code="7">0</subfield>
    <subfield code="a">GBC</subfield>
    <subfield code="b">GBC</subfield>
    <subfield code="c">TH</subfield>
    <subfield code="d">2021-04-05</subfield>
    <subfield code="l">0</subfield>
    <subfield code="o">232.94 MUR</subfield>
    <subfield code="p">020189</subfield>
    <subfield code="r">2025-05-01 00:00:00</subfield>
    <subfield code="t">c.1</subfield>
    <subfield code="w">2021-04-05</subfield>
    <subfield code="y">BK</subfield>
  </datafield>
  <datafield tag="952" ind1=" " ind2=" ">
    <subfield code="0">0</subfield>
    <subfield code="1">0</subfield>
    <subfield code="2">ddc</subfield>
    <subfield code="4">0</subfield>
    <subfield code="7">0</subfield>
    <subfield code="a">GBC</subfield>
    <subfield code="b">GBC</subfield>
    <subfield code="c">TH</subfield>
    <subfield code="d">2023-09-18</subfield>
    <subfield code="l">0</subfield>
    <subfield code="o">232.94 MUR</subfield>
    <subfield code="p">020535</subfield>
    <subfield code="r">2025-05-01 00:00:00</subfield>
    <subfield code="t">c.2</subfield>
    <subfield code="w">2023-09-18</subfield>
    <subfield code="y">BK</subfield>
  </datafield>
</record>
